Personnel management / (Record no. 69305)

000 -LEADER
fixed length control field 00851pam a2200277 i 4500
001 - CONTROL NUMBER
control field 391539
003 - CONTROL NUMBER IDENTIFIER
control field NUST - PNEC
005 - DATE AND TIME OF LATEST TRANSACTION
control field 20170116181115.0
008 - FIXED-LENGTH DATA ELEMENTS--GENERAL INFORMATION
fixed length control field 790307s1980 nyua b 001 0 eng
010 ## - LIBRARY OF CONGRESS CONTROL NUMBER
LC control number 79011198
020 ## - INTERNATIONAL STANDARD BOOK NUMBER
International Standard Book Number 0070213194
040 ## - CATALOGING SOURCE
Original cataloging agency DLC
Transcribing agency LIB-0
Modifying agency DLC
050 00 - LIBRARY OF CONGRESS CALL NUMBER
Classification number HF5549
Item number .F583 1980
082 00 - DEWEY DECIMAL CLASSIFICATION NUMBER
Classification number 658.3 FLI
100 1# - MAIN ENTRY--PERSONAL NAME
Personal name Flippo, Edwin B.
245 10 - TITLE STATEMENT
Title Personnel management /
Statement of responsibility, etc. Edwin B. Flippo.
250 ## - EDITION STATEMENT
Edition statement 6th ed.
260 ## - PUBLICATION, DISTRIBUTION, ETC.
Place of publication, distribution, etc. New York :
Name of publisher, distributor, etc. McGraw-Hill,
Date of publication, distribution, etc. c1984.
300 ## - PHYSICAL DESCRIPTION
Extent xvi, 511 p. :
Other physical details ill. ;
Dimensions 25 cm.
490 0# - SERIES STATEMENT
Series statement McGraw-Hill series in management
500 ## - GENERAL NOTE
General note First-4th ed. published under title: Principles of personnel management.
504 ## - BIBLIOGRAPHY, ETC. NOTE
Bibliography, etc. note Includes bibliographies and indexes.
650 #0 - SUBJECT ADDED ENTRY--TOPICAL TERM
Topical term or geographic name entry element Personnel management.
General subdivision MIS
906 ## - LOCAL DATA ELEMENT F, LDF (RLIN)
a 7
b cbc
c orignew
d 1
e ocip
f 19
g y-gencatlg
942 ## - ADDED ENTRY ELEMENTS (KOHA)
Source of classification or shelving scheme
Koha item type Book
Holdings
Withdrawn status Lost status Source of classification or shelving scheme Damaged status Not for loan Permanent Location Current Location Shelving location Date acquired Total Checkouts Full call number Barcode Date last seen Price effective from Koha item type
          Pakistan Navy Engineering College (PNEC) Pakistan Navy Engineering College (PNEC)   10/04/2015   658.3 FLI PNECLIB-010799 10/04/2015   Book
          Pakistan Navy Engineering College (PNEC) Pakistan Navy Engineering College (PNEC)   10/04/2015   658.3 FLI PNECLIB-010358 10/04/2015   Book
© 2023 Central Library, National University of Sciences and Technology. All Rights Reserved.